000 00403nam a2200181Ia 4500
005 20240823055849.0
008 240823s9999||||xx |||||||||||||| ||und||
041 _aENGLISH
082 _A920 Q7
100 _aKharventhan S K
245 0 _aKongu Rathinangal
250 _a4th
260 _c2017
_bS K K Kalvi Arakat
500 _aYES
650 _aTamil
_bGeneral
942 _cBK
999 _c229780
_d229780